| 000 | 01032nam a2200277 a 4500 | ||
|---|---|---|---|
| 001 | 000023596 | ||
| 005 | 20240502132913.0 | ||
| 008 | 101215s1973 sp r 000 0 spa d | ||
| 020 | _a8432504777 | ||
| 040 |
_aDO-SdBNP _bspa _cBNPHU |
||
| 041 | 1 | 7 |
_aspa _heng _2Código de idioma MARC |
| 082 |
_a230 _bP522q |
||
| 100 | 1 |
_aPezzella, Sosio _948633 |
|
| 240 | 1 | 0 |
_aChe cosa ha veramente detto Giovanni XXIII _lEspañol. |
| 245 | 1 | 0 |
_aQué ha dicho verdaderamente Juan XXIII / _cSosio Pezzella ; traducción al castellano Marcial Suárez. |
| 260 |
_aMadrid : _bDoncel, _c1973. |
||
| 300 |
_a240, [3] p. ; _c18 cm. |
||
| 490 | 1 |
_aQué ha dicho verdaderamente _aQué es verdaderamente _v24 |
|
| 534 |
_aTítulo original: _tChe cosa ha veramente detto Giovanni XXIII |
||
| 650 | 0 |
_aCristianismo _9885 |
|
| 650 | 4 |
_aCristianismo en la literatura _948634 |
|
| 650 | 0 |
_aJusticia social _96078 |
|
| 700 | 1 |
_aSuárez, Marcial, _etr. _921749 |
|
| 830 | 0 |
_aQué ha dicho verdaderamente ; _pQué es verdaderamente _v24 _948635 |
|
| 049 | _aBNGR | ||
| 999 |
_c23092 _d23092 |
||